| 000 | 00553nam a22001817a 4500 | ||
|---|---|---|---|
| 005 | 20170628112946.0 | ||
| 010 | _aENG-118972 | ||
| 020 |
_c450.00 _a9788178440934 |
||
| 035 | _aEN-102504 | ||
| 037 | _bDBAD/PUB | ||
| 082 | _a820.9109 | ||
| 100 | _aJha, Suprita | ||
| 245 |
_aA critical study pf the prose style graham greene / _cby Suprita Jha |
||
| 260 |
_aNew Delhi _bK.K. Publications _c2011 |
||
| 270 | _a4806/24, Bharat Ram Road, Daryaganj, New Delhi-110002 | ||
| 300 |
_a176p _c22cm.(Hb) |
||
| 942 |
_2ddc _cEN _h820.9109 _mJHA |
||
| 999 |
_c142070 _d142070 |
||